| 000 | 00814nam a2200241Ia 4500 | ||
|---|---|---|---|
| 003 | GCL | ||
| 005 | 20240530101910.0 | ||
| 008 | 140319s9999 xx 000 0 ara d | ||
| 040 |
_aGCL / _cGCL |
||
| 082 | 0 | 4 |
_a962.042 _bق/م ع |
| 100 | 1 | _aمحمد سعيد كيلانى | |
| 245 | 1 | 0 |
_aعباس حلمى الثانى او عصر التغلغل البريطانى فى مصر 1892 - 1914 / _cمحمد سعيد كيلانى |
| 260 |
_a[S.N] : _bدار الفرجانى للنشر والتوزيع ، _c1991 |
||
| 300 | _a202 ص | ||
| 650 | 0 | 4 | _aمصر |
| 650 | 0 | 4 | _aتاريخ |
| 650 | 0 | 4 | _aالاحوال السياسية |
| 650 | 0 | 4 | _aالسودان |
| 650 | 0 | 4 | _aتركيا |
| 650 | 0 | 4 | _aعباس حلمى الثانى 1914-1892 |
| 650 | 0 | 4 | _aالاحتلال البريطانى |
| 942 |
_2ddc _cBK |
||
| 999 |
_c28554 _d28554 |
||